000 00704nam a2200181Ia 4500
008 090630s9999 xx 000 0 und d
082 _b17985
100 _aअनु. देखणे मनोहर.
245 _aहायड्रो ट्रिटमेंट.
_cअनु. देखणे मनोहर.
260 _bप्राजक्ता - पुणे.
_c2000
300 _a144
600 _aअनु. देखणे मनोहर.
630 _aहायड्रो ट्रिटमेंट.
655 _aकादंबरी.
700 _aअनु. देखणे मनोहर.
730 _aहायड्रो ट्रिटमेंट.
942 _cBOOK
999 _c269841
_d269841